000
00263nam a2200097Ia 4500
008
240331s9999 xx 000 0 und d
082
_a
303.6
_b
APP
100
_a
Appadurai, Arjun
245
0
_a
Dead Certainity :
_b
Ethnic Violence in the Era of Globalization
942
_c
L
999
_c
1241
_d
1241